[Event "IV Campeonato de EspaÃ±a de Ajedrez por Equipos de
[Site "Gran Hotel Bali, Benidorm"]
[Date "2011.12.07"]
[Round "1"]
[Board "1"]
[White "Villasenor Rubio, Emilio Jose"]
[Black "Montoliu Cervero, Francisco"]
[Result "0-1"]
[WhiteElo "2117"]
[BlackElo "2159"]
[PlyCount "0"]
[EventDate "2011.12.07"]
[EventType "team"]
[EventRounds "6"]
[EventCountry "ESP"]
[WhiteTeam "C. DEP. BÃSICO DE AJEDREZ ATENEO"]
[BlackTeam "CLUB AJEDREZ EVA-Manises"]

1. e4 c5 2. Nf3 d6 3. Bb5+ Bd7 4. Bxd7+ Qxd7 5. O-O Nc6 6. c3 Nf6 7. Re1 g6 8.
d4 cxd4 9. cxd4 Bg7 10. Nc3 O-O 11. h3 Rac8 12. Bf4 e6 13. Qd2 e5 14. Bg5 Rfe8
15. dxe5 dxe5 16. Bxf6 Qxd2 17. Nxd2 Bxf6 18. Nd5 Kg7 19. Rac1 Bg5 20. Red1 Nd4
21. Rxc8 Rxc8 22. Nf3 Nxf3+ 23. gxf3 Rc2 24. Rb1 Bh4 25. a4 Bxf2+ 26. Kh1 Kh6
27. b4 Bd4 28. a5 Kg5 29. Rb3 f5 30. b5 f4 31. Rd3 Kh4 0-1

[Event "IV Campeonato de EspaÃ±a de Ajedrez por Equipos de
[Site "Gran Hotel Bali, Benidorm"]
[Date "2011.12.07"]
[Round "1"]
[Board "2"]
[White "Silva Rodriguez, Julio"]
[Black "Rubio Garrido, David"]
[Result "1-0"]
[WhiteElo "2095"]
[BlackElo "1736"]
[PlyCount "0"]
[EventDate "2011.12.07"]
[EventType "team"]
[EventRounds "6"]
[EventCountry "ESP"]
[WhiteTeam "CLUB AJEDREZ EVA-Manises"]
[BlackTeam "C. DEP. BÃSICO DE AJEDREZ ATENEO"]

1. e4 c5 2. Nf3 d6 3. d4 cxd4 4. Nxd4 Nf6 5. Nc3 a6 6. g3 e6 7. Bg2 Be7 8. O-O
O-O 9. a4 Qc7 10. Re1 Nc6 11. Be3 Rd8 12. Nb3 b6 13. g4 h6 14. h3 Bb7 15. Qe2
Ne5 16. Rad1 Rac8 17. Kh1 Bf8 18. f4 Ng6 19. Qf2 Nd7 20. h4 Be7 21. g5 hxg5 22.
hxg5 Nc5 23. Rf1 Rf8 24. Nd2 Bc6 25. f5 Ne5 26. f6 Bd8 27. Qh4 Ng6 28. Qh5 Nd7
29. fxg7 Kxg7 30. Qh6+ Kg8 31. Rf3 Re8 32. Rdf1 Nde5 33. Rh3 Ng4 34. Qh7+ Kf8
35. Qxg6 1-0

[Event "IV Campeonato de EspaÃ±a de Ajedrez por Equipos de
[Site "Gran Hotel Bali, Benidorm"]
[Date "2011.12.07"]
[Round "1"]
[Board "3"]
[White "Sanchez Ruiz, Carlos"]
[Black "Ballester Llagaria, Luis Eduardo"]
[Result "0-1"]
[WhiteElo "1564"]
[BlackElo "2138"]
[PlyCount "0"]
[EventDate "2011.12.07"]
[EventType "team"]
[EventRounds "6"]
[EventCountry "ESP"]
[WhiteTeam "C. DEP. BÃSICO DE AJEDREZ ATENEO"]
[BlackTeam "CLUB AJEDREZ EVA-Manises"]

1. e4 c5 2. Nf3 e6 3. d4 cxd4 4. Nxd4 Nc6 5. Nc3 Qc7 6. g3 a6 7. Be3 Nf6 8. Bg2
Bb4 9. Nxc6 dxc6 10. Qd4 c5 11. Qc4 b5 12. Qd3 Bb7 13. O-O Rd8 14. Qe2 Bxc3 15.
bxc3 Bxe4 16. Bxe4 Nxe4 17. Qg4 f5 18. Qf3 O-O 19. Rfe1 Rd7 20. Bf4 Qc6 21. g4
Rfd8 22. gxf5 exf5 23. Rad1 Rxd1 24. Rxd1 Rxd1+ 25. Qxd1 Nxc3 26. Qd8+ Kf7 27.
Bd6 Ne2+ 28. Kf1 Nd4 29. Qe7+ Kg6 30. f4 Qh1+ 31. Kf2 Qxh2+ 32. Kf1 Qh1+ 33.
Kf2 Qf3+ 34. Ke1 Qe4+ 35. Qxe4 fxe4 36. Bxc5 Ne6 37. Bd6 Kf5 38. Be5 g5 0-1

[Event "IV Campeonato de EspaÃ±a de Ajedrez por Equipos de
[Site "Gran Hotel Bali, Benidorm"]
[Date "2011.12.07"]
[Round "1"]
[Board "4"]
[White "Nieves Cabanes, Javier"]
[Black "Minguez Almodovar, Raul"]
[Result "1-0"]
[WhiteElo "1925"]
[BlackElo "1527"]
[PlyCount "0"]
[EventDate "2011.12.07"]
[EventType "team"]
[EventRounds "6"]
[EventCountry "ESP"]
[WhiteTeam "CLUB AJEDREZ EVA-Manises"]
[BlackTeam "C. DEP. BÃSICO DE AJEDREZ ATENEO"]

1. d4 d5 2. c4 c6 3. Nf3 Nf6 4. Qc2 e6 5. g3 Nbd7 6. Bg2 Bd6 7. O-O O-O 8. Nbd2
Re8 9. Rd1 b6 10. e4 dxe4 11. Nxe4 Nxe4 12. Qxe4 Qc7 13. Ng5 Nf6 14. Qxc6 Rb8
15. c5 bxc5 16. dxc5 Be5 17. Rb1 h6 18. Ne4 Nxe4 19. Qxe8+ 1-0

[Event "IV Campeonato de EspaÃ±a de Ajedrez por Equipos de
[Site "Gran Hotel Bali, Benidorm"]
[Date "2011.12.07"]
[Round "1"]
[Board "1"]
[White "Meneses Gonzalez, Kevin Moises"]
[Black "Alonso Gorrin, Javier"]
[Result "1-0"]
[WhiteElo "2247"]
[BlackElo "1940"]
[PlyCount "0"]
[EventDate "2011.12.07"]
[EventType "team"]
[EventRounds "6"]
[EventCountry "ESP"]
[WhiteTeam "C.C. AJEDREZ CAJACANARIAS"]
[BlackTeam "GRUPO 64"]

1. e4 c5 2. Nf3 e6 3. d4 cxd4 4. Nxd4 a6 5. Bd3 Bc5 6. Nb3 Ba7 7. O-O d6 8. a4
Nf6 9. Na3 O-O 10. Qe2 Nc6 11. Be3 Bxe3 12. Qxe3 b6 13. Nc4 Rb8 14. Nd4 Nxd4
15. Qxd4 d5 16. exd5 Qxd5 17. Qxd5 Nxd5 18. Rfd1 Nb4 19. c3 Nxd3 20. Rxd3 b5
21. axb5 Rxb5 22. b4 e5 23. Rd6 f6 24. f3 Kf7 25. Rc6 Kg6 26. Nd6 Rb8 27. Nxc8
Rfxc8 28. Raxa6 Kf5 29. Kf2 h5 30. Ke3 h4 31. g4+ Kg5 32. Ke4 h3 33. b5 Rd8 34.
Ra7 g6 35. Raa6 f5+ 36. Ke3 Rg8 37. c4 e4 38. gxf5 gxf5 39. fxe4 fxe4 40. Kxe4
Rbe8+ 41. Re6 Rd8 42. Rad6 Ra8 43. Rd3 Rh8 44. Kf3 Raf8+ 45. Ke2 Kf5 46. Ree3
Rc8 47. Rxh3 Rxh3 48. Rxh3 Rxc4 49. Kd3 Rc1 50. Re3 Kf4 51. Re8 1-0

[Event "IV Campeonato de EspaÃ±a de Ajedrez por Equipos de
[Site "Gran Hotel Bali, Benidorm"]
[Date "2011.12.07"]
[Round "1"]
[Board "2"]
[White "Vinuela Diaz, Saul"]
[Black "Nortes Hernandez, Pedro"]
[Result "0-1"]
[WhiteElo "1823"]
[BlackElo "2070"]
[PlyCount "0"]
[EventDate "2011.12.07"]
[EventType "team"]
[EventRounds "6"]
[EventCountry "ESP"]
[WhiteTeam "GRUPO 64"]
[BlackTeam "C.C. AJEDREZ CAJACANARIAS"]

1. d4 Nf6 2. c4 e6 3. Nc3 d5 4. cxd5 exd5 5. Bg5 Be7 6. Qc2 O-O 7. e3 b6 8. Bd3
h6 9. Bf4 c5 10. dxc5 bxc5 11. Nf3 Nc6 12. a3 d4 13. exd4 Nxd4 14. Nxd4 cxd4
15. Ne4 Nd5 16. Qd2 Bb7 17. O-O f5 18. Ng3 Nxf4 19. Qxf4 Qd5 20. Qf3 Qxf3 21.
gxf3 g6 22. Rfe1 Bf6 23. Kg2 Bd5 24. Rac1 Rac8 25. Ne2 Be5 26. Rxc8 Rxc8 27.
Nc3 dxc3 28. Rxe5 Rc5 29. Re2 cxb2 30. Rxb2 Rc3 31. Be2 Rxa3 32. Rd2 Bf7 33.
Rc2 Kg7 34. f4 Bd5+ 35. f3 g5 36. fxg5 hxg5 37. Kf2 a5 38. Rc5 Be6 39. Rc6 Kf7
40. Rc7+ Kf6 41. Ra7 Ke5 42. Rb7 Kf4 43. h3 Bd5 44. Rc7 Bxf3 45. Bxf3 Rxf3+ 46.
Kg2 Re3 47. Rc4+ Re4 48. Rc2 a4 49. Ra2 Ke3 0-1

[Event "IV Campeonato de EspaÃ±a de Ajedrez por Equipos de
[Site "Gran Hotel Bali, Benidorm"]
[Date "2011.12.07"]
[Round "1"]
[Board "3"]
[White "Perez Barreto, Adrian"]
[Black "Yanes Crespo, Javier"]
[Result "1-0"]
[WhiteElo "1940"]
[BlackElo "1544"]
[PlyCount "0"]
[EventDate "2011.12.07"]
[EventType "team"]
[EventRounds "6"]
[EventCountry "ESP"]
[WhiteTeam "C.C. AJEDREZ CAJACANARIAS"]
[BlackTeam "GRUPO 64"]

1. d4 Nf6 2. c4 e6 3. Nc3 Bb4 4. g3 O-O 5. Bg2 d5 6. Nf3 c6 7. O-O Nbd7 8. Qc2
Qc7 9. Rd1 Bxc3 10. bxc3 b5 11. Bf4 Qd8 12. c5 a5 13. a3 a4 14. Nd2 Bb7 15. e4
dxe4 16. Nxe4 Nxe4 17. Bxe4 Nf6 18. Bg2 Nd5 19. Bd6 Re8 20. Rab1 Qa5 21. Rd3
Ba6 22. g4 Qd8 23. Rh3 g6 24. Qd2 Qd7 25. g5 Kg7 26. Be5+ Kg8 27. Qd3 b4 28.
Rxh7 Bxd3 29. Rh8# 1-0

[Event "IV Campeonato de EspaÃ±a de Ajedrez por Equipos de
[Site "Gran Hotel Bali, Benidorm"]
[Date "2011.12.07"]
[Round "1"]
[Board "4"]
[White "Runza Rodriguez, David"]
[Black "Laino Alvarez, Marcos"]
[Result "0-1"]
[WhiteElo "1499"]
[BlackElo "1902"]
[PlyCount "0"]
[EventDate "2011.12.07"]
[EventType "team"]
[EventRounds "6"]
[EventCountry "ESP"]
[WhiteTeam "GRUPO 64"]
[BlackTeam "C.C. AJEDREZ CAJACANARIAS"]

1. e4 d5 2. exd5 Qxd5 3. Nc3 Qa5 4. d4 c6 5. Nf3 Nf6 6. Bc4 Bf5 7. O-O e6 8.
Bd2 Qb6 9. Bb3 Bd6 10. Re1 O-O 11. h3 Nbd7 12. Be3 Qc7 13. Nd2 Rad8 14. Nc4
Bh2+ 15. Kh1 b5 16. Nd2 Bd6 17. a4 a6 18. axb5 axb5 19. Qf3 b4 20. Ne2 Nd5 21.
Ra6 Ra8 22. Rea1 Qb7 23. Rxa8 Rxa8 24. Rxa8+ Qxa8 25. Nc4 Bc7 26. g4 Bg6 27. h4
h6 28. Nf4 Bh7 29. g5 hxg5 30. hxg5 Bf5 31. Kg2 Qd8 32. Nxd5 cxd5 33. Nd2 Nf8
34. Qh5 Ng6 35. Nf1 Ne7 36. Ng3 Bg6 37. Qe2 Qb8 38. Bd2 Qb6 39. Qe3 Nc6 40. Ne2
Bh5 41. f3 Ne7 42. Ng3 Bxg3 43. Qg1 Bb8 44. Be3 Qd6 45. Kf1 Bxf3 46. Qf2 Be4
47. Qh4 Nf5 48. Qf2 Nxe3+ 49. Qxe3 Qf4+ 50. Qxf4 Bxf4 51. Ke2 Bxg5 0-1

[Event "IV Campeonato de EspaÃ±a de Ajedrez por Equipos de
[Site "Gran Hotel Bali, Benidorm"]
[Date "2011.12.07"]
[Round "1"]
[Board "1"]
[White "Cruz Cabas Antonio, Pablo"]
[Black "Martin Duque, Jesus"]
[Result "0-1"]
[WhiteElo "1545"]
[BlackElo "2174"]
[PlyCount "0"]
[EventDate "2011.12.07"]
[EventType "team"]
[EventRounds "6"]
[EventCountry "ESP"]
[WhiteTeam "C. PEÃ‘A BARCELONISTA DE MELILLA"]
[BlackTeam "C.DEPORTIVO VALLECAS"]

1. d4 Nf6 2. c4 e6 3. Nc3 Bb4 4. g3 d5 5. Bg2 O-O 6. Nf3 c6 7. O-O Nbd7 8. a3
Be7 9. Qc2 b6 10. e4 dxe4 11. Nxe4 Bb7 12. Rd1 Rc8 13. Bf4 Nxe4 14. Qxe4 Nf6
15. Qe2 Bd6 16. Be5 Qe7 17. Bxd6 Qxd6 18. Rd2 c5 19. Re1 Bxf3 20. Bxf3 cxd4 21.
Red1 e5 22. Rc1 Rfe8 23. Be4 Nxe4 24. Qxe4 g6 25. b4 Qc6 26. Qxc6 Rxc6 27. Kf1
Rec8 28. Rcc2 0-1

[Event "IV Campeonato de EspaÃ±a de Ajedrez por Equipos de
[Site "Gran Hotel Bali, Benidorm"]
[Date "2011.12.07"]
[Round "1"]
[Board "2"]
[White "Madurga Lopez, Ignacio"]
[Black "Diaz Gonzalez, Kevin"]
[Result "1-0"]
[WhiteElo "2091"]
[BlackElo "1411"]
[PlyCount "0"]
[EventDate "2011.12.07"]
[EventType "team"]
[EventRounds "6"]
[EventCountry "ESP"]
[WhiteTeam "C.DEPORTIVO VALLECAS"]
[BlackTeam "C. PEÃ‘A BARCELONISTA DE MELILLA"]

1. e4 e5 2. Nf3 Nc6 3. d4 exd4 4. Bc4 d6 5. Nxd4 Nxd4 6. Qxd4 Qf6 7. Qxf6 Nxf6
8. Nc3 a6 9. Bg5 Be7 10. O-O-O Be6 11. Bxe6 fxe6 12. f3 O-O-O 13. Ne2 h6 14.
Be3 e5 15. h4 Nd7 16. Ng3 g6 17. c4 b6 18. Kc2 h5 19. Rh3 Rhg8 20. Rdh1 c5 21.
R1h2 b5 22. cxb5 axb5 23. Ne2 b4 24. Rg3 Nb6 25. Bg5 Bxg5 26. Rxg5 Rg7 27. Rh3
Rf8 28. Rhg3 Rf6 29. Rxh5 Nc4 30. Rh8+ Kc7 31. h5 1-0

[Event "IV Campeonato de EspaÃ±a de Ajedrez por Equipos de
[Site "Gran Hotel Bali, Benidorm"]
[Date "2011.12.07"]
[Round "1"]
[Board "3"]
[White "Garcia Calderon, Pablo"]
[Black "Rios Rebollo, Victor"]
[Result "0-1"]
[WhiteElo "1455"]
[BlackElo "1848"]
[PlyCount "0"]
[EventDate "2011.12.07"]
[EventType "team"]
[EventRounds "6"]
[EventCountry "ESP"]
[WhiteTeam "C. PEÃ‘A BARCELONISTA DE MELILLA"]
[BlackTeam "C.DEPORTIVO VALLECAS"]

1. d4 e6 2. Bf4 Nf6 3. Nf3 d5 4. e3 Bd6 5. Bg3 O-O 6. c4 Qe7 7. Nc3 c6 8. Bd3
Nbd7 9. O-O Bxg3 10. hxg3 dxc4 11. Bxc4 e5 12. Qc2 exd4 13. Nxd4 Nb6 14. Bb3
Rd8 15. Rad1 Bg4 16. Rd2 Rd7 17. Nf3 Rxd2 18. Qxd2 Rd8 19. Qc2 Be6 20. Rd1 Bxb3
21. Rxd8+ Qxd8 22. Qxb3 h6 23. Ne2 c5 24. Nf4 c4 25. Qc2 g5 26. Ne2 a6 27. Ned4
Nfd5 28. a3 Qc8 29. Nf5 Qe6 30. N3d4 Qf6 31. Qe4 Kf8 32. a4 a5 33. Nb5 Ne7 34.
Qxe7+ Qxe7 35. Nxe7 Kxe7 36. Nc3 Kd6 37. Kf1 Kc5 38. f4 gxf4 39. gxf4 Kb4 40.
e4 Nxa4 41. Nxa4 Kxa4 42. e5 Kb5 43. f5 Kc6 44. Ke2 b5 45. Ke3 Kd5 46. e6 fxe6
47. f6 Kd6 48. Ke4 a4 49. Kd4 Kd7 50. g3 Ke8 0-1

[Event "IV Campeonato de EspaÃ±a de Ajedrez por Equipos de
[Site "Gran Hotel Bali, Benidorm"]
[Date "2011.12.08"]
[Round "2"]
[Board "1"]
[White "Montoliu Cervero, Francisco"]
[Black "Gomez Dieguez, David"]
[Result "1-0"]
[WhiteElo "2159"]
[BlackElo "2016"]
[PlyCount "0"]
[EventDate "2011.12.07"]
[EventType "team"]
[EventRounds "6"]
[EventCountry "ESP"]
[WhiteTeam "CLUB AJEDREZ EVA-Manises"]
[BlackTeam "CLUB XADREZ OURENSE"]

1. e4 e5 2. Nf3 Nc6 3. Bb5 f5 4. d3 fxe4 5. dxe4 Nf6 6. O-O Bc5 7. Qd3 d6 8.
Qc4 Qe7 9. Nc3 a6 10. Bxc6+ bxc6 11. Be3 Be6 12. Qa4 Bxe3 13. Qxc6+ Kf7 14.
fxe3 Qd7 15. Qxd7+ Bxd7 16. Nd5 c6 17. Nxf6 gxf6 18. Rad1 Ke7 19. Nh4 Rab8 20.
b3 Rb4 21. c4 a5 22. Rd3 a4 23. Rfd1 Bg4 24. Nf5+ Bxf5 25. exf5 Rd8 26. e4 axb3
27. axb3 Rb7 28. Kf2 c5 29. g4 Rdb8 30. Rb1 Rb4 31. Rc3 Ra8 32. Rc2 Rab8 33.
Rcb2 h5 34. gxh5 Rh8 35. h4 Rxh5 36. Rh1 Rb8 37. Rh3 Rbh8 38. Kg3 Rg8+ 39. Kf3
Rg1 40. Ra2 Rf1+ 41. Ke3 Rf4 42. Ra7+ Kf8 43. Rd7 Rhxh4 44. Rxh4 Rxh4 45. Rxd6
Kg7 46. Rc6 Rh3+ 47. Kd2 Rxb3 48. Rxc5 Kh6 49. Rb5 Ra3 50. c5 Kg5 51. c6 Ra2+
52. Kd3 Ra7 53. Rc5 Rc7 54. Kc4 Kf4 55. Kd5 Rc8 56. Rc3 Rd8+ 57. Ke6 Kxe4 58.
c7 Rc8 59. Kxf6 Kf4 60. Ke6 e4 61. f6 e3 62. Kd7 e2 63. Rc1 1-0

[Event "IV Campeonato de EspaÃ±a de Ajedrez por Equipos de
[Site "Gran Hotel Bali, Benidorm"]
[Date "2011.12.08"]
[Round "2"]
[Board "2"]
[White "Arellano Pardo, Martin"]
[Black "Silva Rodriguez, Julio"]
[Result "0-1"]
[WhiteElo "1898"]
[BlackElo "2095"]
[PlyCount "0"]
[EventDate "2011.12.07"]
[EventType "team"]
[EventRounds "6"]
[EventCountry "ESP"]
[WhiteTeam "CLUB XADREZ OURENSE"]
[BlackTeam "CLUB AJEDREZ EVA-Manises"]

1. e4 e6 2. c4 d5 3. cxd5 exd5 4. e5 c5 5. Bb5+ Nc6 6. Nf3 Nge7 7. O-O a6 8.
Bxc6+ Nxc6 9. Re1 Be7 10. Nc3 O-O 11. h3 b5 12. d4 c4 13. Ne2 Nb4 14. Nf4 Bf5
15. Re2 Nd3 16. Ne1 Nxc1 17. Qxc1 Bg5 18. Qe3 f6 19. Qg3 fxe5 20. Rxe5 Bxf4 21.
Qxf4 Bxh3 22. Qg3 Bf5 23. Nf3 Ra7 24. Rae1 Rd7 25. R1e3 Qf6 26. Nh4 Be4 27. f3
Bd3 28. Rg5 Qxd4 29. Qf2 Qf4 30. Rg4 Qf6 31. f4 0-1

[Event "IV Campeonato de EspaÃ±a de Ajedrez por Equipos de
[Site "Gran Hotel Bali, Benidorm"]
[Date "2011.12.08"]
[Round "2"]
[Board "3"]
[White "Ballester Llagaria, Luis Eduardo"]
[Black "Blazquez Criado, Sergio"]
[Result "1-0"]
[WhiteElo "2138"]
[BlackElo "1836"]
[PlyCount "0"]
[EventDate "2011.12.07"]
[EventType "team"]
[EventRounds "6"]
[EventCountry "ESP"]
[WhiteTeam "CLUB AJEDREZ EVA-Manises"]
[BlackTeam "CLUB XADREZ OURENSE"]

1. e4 Nc6 2. Nf3 d6 3. d4 Bg4 4. Be2 Nf6 5. Nc3 e6 6. Be3 Be7 7. h3 Bh5 8. d5
exd5 9. exd5 Ne5 10. Nd4 Bxe2 11. Qxe2 Qd7 12. f4 Ng6 13. g4 h6 14. O-O-O Nh7
15. Nf5 Kf8 16. h4 Bf6 17. Qd3 Ne7 18. Nxe7 Bxe7 19. g5 h5 20. f5 Kg8 21. f6
gxf6 22. g6 Nf8 23. Rhg1 fxg6 24. Rxg6+ Kf7 25. Rdg1 Rh7 26. Bh6 f5 27. Qg3
Bxh4 28. Rg7+ Ke8 29. Qxh4 1-0

[Event "IV Campeonato de EspaÃ±a de Ajedrez por Equipos de
[Site "Gran Hotel Bali, Benidorm"]
[Date "2011.12.08"]
[Round "2"]
[Board "4"]
[White "Gomez Dieguez, Adrian"]
[Black "Nieves Cabanes, Javier"]
[Result "1/2-1/2"]
[WhiteElo "1717"]
[BlackElo "1925"]
[PlyCount "0"]
[EventDate "2011.12.07"]
[EventType "team"]
[EventRounds "6"]
[EventCountry "ESP"]
[WhiteTeam "CLUB XADREZ OURENSE"]
[BlackTeam "CLUB AJEDREZ EVA-Manises"]

1. e4 c6 2. d4 d5 3. f3 dxe4 4. fxe4 e5 5. Nf3 Bg4 6. Bc4 Bxf3 7. Qxf3 Qh4+ 8.
g3 Qf6 9. Qg4 Nd7 10. Rf1 Qd6 11. Bxf7+ Kd8 12. Bxg8 Rxg8 13. Bg5+ Be7 14.
Bxe7+ Qxe7 15. dxe5 Nxe5 16. Qe2 Kc7 17. Nd2 Qb4 18. O-O-O Rge8 19. a3 Qe7 20.
Nc4 Qg5+ 21. Kb1 Re7 22. Rf5 Qg4 23. Qxg4 Nxg4 24. Rdf1 b5 25. Rf7 Rae8 26. Nd2
Nxh2 27. Rxe7+ Rxe7 28. Rh1 Ng4 29. Rxh7 Nf6 30. Rh4 g5 31. Rh6 Nxe4 32. Nf3 g4
33. Nd4 Nd6 34. Kc1 Re4 35. Ne6+ Kb6 36. Ng5 Rd4 37. c3 Rd5 38. Rg6 Nf5 39. Ne4
Ne3 40. Nd2 Rh5 41. b3 Rh1+ 42. Kb2 Rh2 43. Kc1 Rg2 44. Ne4 Rc2+ 45. Kb1 Re2
46. Nf6 Rg2 47. Nxg4 Rxg3 48. Ne5 Rxg6 49. Nxg6 a5 50. Nf4 Kc5 51. Nd3+ Kd5 52.
Nf2 c5 53. Kc1 a4 54. Kb2 axb3 55. Kxb3 Nc4 56. Nd3 Na5+ 57. Kb2 Nc4+ 58. Kb3
Na5+ 59. Kb2 Nc4+ 1/2-1/2

[Event "IV Campeonato de EspaÃ±a de Ajedrez por Equipos de
[Site "Gran Hotel Bali, Benidorm"]
[Date "2011.12.08"]
[Round "2"]
[Board "1"]
[White "Tejedor Fuentes, Enrique"]
[Black "Meneses Gonzalez, Kevin Moises"]
[Result "1-0"]
[WhiteElo "2225"]
[BlackElo "2247"]
[PlyCount "0"]
[EventDate "2011.12.07"]
[EventType "team"]
[EventRounds "6"]
[EventCountry "ESP"]
[WhiteTeam "CLUB AJEDREZ SOLVAY"]
[BlackTeam "C.C. AJEDREZ CAJACANARIAS"]

1. e4 c5 2. Nf3 d6 3. d4 cxd4 4. Qxd4 a6 5. c4 Nc6 6. Qe3 Nf6 7. Nc3 g6 8. h3
Bg7 9. Be2 O-O 10. O-O Rb8 11. Rd1 Nd7 12. Rb1 Qa5 13. a3 Bxc3 14. b4 Nxb4 15.
axb4 Bxb4 16. Rd5 Bc5 17. Qh6 f6 18. h4 Ne5 19. Bd2 Qa2 20. Rf1 Be6 21. Nxe5
fxe5 22. h5 Rf6 23. Bg5 Rbf8 24. Bxf6 Rxf6 25. Rxc5 dxc5 26. Rd1 Qa5 27. f4
gxh5 28. Qg5+ Rg6 29. Qxe7 Kh8 30. Rd8+ Bg8 31. Qxe5+ Rg7 32. Rxg8+ Kxg8 33.
Qe8# 1-0

[Event "IV Campeonato de EspaÃ±a de Ajedrez por Equipos de
[Site "Gran Hotel Bali, Benidorm"]
[Date "2011.12.08"]
[Round "2"]
[Board "2"]
[White "Nortes Hernandez, Pedro"]
[Black "Buiza Prieto, Aizbeltz"]
[Result "1-0"]
[WhiteElo "2070"]
[BlackElo "1936"]
[PlyCount "0"]
[EventDate "2011.12.07"]
[EventType "team"]
[EventRounds "6"]
[EventCountry "ESP"]
[WhiteTeam "C.C. AJEDREZ CAJACANARIAS"]
[BlackTeam "CLUB AJEDREZ SOLVAY"]

1. e4 c5 2. Nf3 e6 3. d4 cxd4 4. Nxd4 Nf6 5. Nc3 Nc6 6. Ndb5 d6 7. Bf4 e5 8.
Bg5 a6 9. Na3 b5 10. Nd5 Be7 11. Bxf6 Bxf6 12. c3 Bg5 13. Nc2 O-O 14. a4 bxa4
15. Rxa4 a5 16. Bc4 Rb8 17. b3 Kh8 18. h4 Bh6 19. Nce3 Bxe3 20. Nxe3 Ne7 21.
Ra2 f5 22. exf5 Bxf5 23. Rd2 Rb6 24. Nxf5 Nxf5 25. Qg4 e4 26. Rh3 Qf6 27. Qxe4
Rbb8 28. Re2 Qh6 29. Kf1 Qc1+ 30. Re1 Qd2 31. Kg1 Nxh4 32. Rxh4 Qxf2+ 33. Kh2
h6 34. Bd3 Rf5 35. Rf1 1-0

[Event "IV Campeonato de EspaÃ±a de Ajedrez por Equipos de
[Site "Gran Hotel Bali, Benidorm"]
[Date "2011.12.08"]
[Round "2"]
[Board "3"]
[White "Buiza Prieto, Eihartze"]
[Black "Perez Barreto, Adrian"]
[Result "1-0"]
[WhiteElo "1703"]
[BlackElo "1940"]
[PlyCount "0"]
[EventDate "2011.12.07"]
[EventType "team"]
[EventRounds "6"]
[EventCountry "ESP"]
[WhiteTeam "CLUB AJEDREZ SOLVAY"]
[BlackTeam "C.C. AJEDREZ CAJACANARIAS"]

1. e4 c5 2. b3 Nc6 3. Bb2 d6 4. Bb5 Bd7 5. Ne2 a6 6. Bxc6 Bxc6 7. d3 e6 8. Nd2
Nf6 9. O-O Be7 10. Ng3 O-O 11. f4 d5 12. Qe2 d4 13. f5 e5 14. Bc1 b5 15. Nf3
Nd7 16. Ne1 a5 17. Nh5 Nf6 18. Nxf6+ Bxf6 19. Qg4 a4 20. Bh6 Kh8 21. Bd2 axb3
22. cxb3 Be8 23. Nf3 Rg8 24. h4 Ra7 25. Ng5 g6 26. Rf2 Ra6 27. Qh3 Rg7 28. Kh1
gxf5 29. exf5 Bxg5 30. hxg5 c4 31. f6 Rg6 32. bxc4 bxc4 33. dxc4 e4 34. Rf4 Bd7
35. Qh2 e3 36. Bb4 d3 37. Rd4 Raxf6 38. Rh4 Rg7 39. Bc3 d2 40. Bxf6 Qxf6 41.
gxf6 e2 42. fxg7+ Kg8 43. Qb8+ Kxg7 44. Qe5+ 1-0

[Event "IV Campeonato de EspaÃ±a de Ajedrez por Equipos de
[Site "Gran Hotel Bali, Benidorm"]
[Date "2011.12.08"]
[Round "2"]
[Board "4"]
[White "Laino Alvarez, Marcos"]
[Black "Pordomingo Sedano, Diego"]
[Result "1/2-1/2"]
[WhiteElo "1902"]
[BlackElo "1625"]
[PlyCount "0"]
[EventDate "2011.12.07"]
[EventType "team"]
[EventRounds "6"]
[EventCountry "ESP"]
[WhiteTeam "C.C. AJEDREZ CAJACANARIAS"]
[BlackTeam "CLUB AJEDREZ SOLVAY"]

1. d4 Nf6 2. c4 g6 3. Nc3 Bg7 4. e4 d6 5. Nf3 O-O 6. Be2 Nc6 7. h3 e5 8. dxe5
Nxe5 9. O-O Be6 10. Nd2 Re8 11. f4 Nc6 12. Nf3 Nh5 13. Kh2 Nf6 14. Be3 Bd7 15.
Bd3 Bf5 16. exf5 Rxe3 17. Qd2 Re8 18. Rae1 Qd7 19. Bc2 Rxe1 20. Rxe1 Re8 21.
fxg6 hxg6 22. a3 a6 23. b4 Nh5 24. Nd5 Nf6 25. Rxe8+ Nxe8 26. f5 Ne5 27. Nxe5
Bxe5+ 28. g3 c6 29. Ne3 g5 30. Ng4 Qe7 31. Kg2 f6 32. Kf3 Ng7 33. b5 c5 34.
Qd5+ Kh8 35. Be4 axb5 36. cxb5 b6 37. Nh6 Kh7 38. Nf7 Qa7 39. Nxg5+ fxg5 40.
f6+ Kh6 41. fxg7 Qxa3+ 42. Bd3 Kxg7 43. Qe4 Qb3 44. Qg6+ Kf8 45. Qf5+ Qf7 46.
Ke4 Qxf5+ 47. Kxf5 Bxg3 48. Ke4 1/2-1/2

[Event "IV Campeonato de EspaÃ±a de Ajedrez por Equipos de
[Site "Gran Hotel Bali, Benidorm"]
[Date "2011.12.08"]
[Round "2"]
[Board "1"]
[White "Martin Duque, Jesus"]
[Black "Talavera Garcia, Santiago"]
[Result "1/2-1/2"]
[WhiteElo "2174"]
[BlackElo "1982"]
[PlyCount "0"]
[EventDate "2011.12.07"]
[EventType "team"]
[EventRounds "6"]
[EventCountry "ESP"]
[WhiteTeam "C.DEPORTIVO VALLECAS"]
[BlackTeam "C NUESTRO AJEDREZ EN EUROPA - VILLAFRANC"]

1. e4 g6 2. d4 Bg7 3. Nc3 d6 4. g3 Nc6 5. Be3 e5 6. d5 Nd4 7. Bg2 c6 8. Qd2 Nf6
9. h3 cxd5 10. exd5 Nf5 11. Nge2 Nxe3 12. Qxe3 O-O 13. O-O Bf5 14. g4 Bd7 15.
Ng3 h6 16. Rad1 Bxg4 17. hxg4 Nxg4 18. Qd2 Qh4 19. Rfe1 Qh2+ 20. Kf1 f5 21. Bf3
Qh3+ 22. Bg2 Qh2 23. Bf3 Qh3+ 24. Bg2 Qh4 25. Nh1 h5 26. Qd3 e4 27. Qg3 Qg5 28.
Qxd6 Be5 29. Qe6+ Rf7 30. Ng3 h4 31. Ngxe4 fxe4 32. Nxe4 Nh2+ 33. Ke2 Qxg2 34.
Qxe5 Nf3 35. Qe6 Nxe1 36. Rxe1 Kg7 37. Qe5+ Kh6 38. Kd3 Rf5 39. Qe6 h3 40. Re3
h2 41. Rg3 Rf3+ 42. Ke2 Rxg3 43. Nxg3 h1=Q 44. Qe3+ Kg7 45. Qe7+ Kh6 46. Qe3+
Kg7 47. Qe7+ Kg8 48. Qe6+ 1/2-1/2

[Event "IV Campeonato de EspaÃ±a de Ajedrez por Equipos de
[Site "Gran Hotel Bali, Benidorm"]
[Date "2011.12.08"]
[Round "2"]
[Board "2"]
[White "Piriz Fernandez, Daniel"]
[Black "Madurga Lopez, Ignacio"]
[Result "1-0"]
[WhiteElo "1947"]
[BlackElo "2091"]
[PlyCount "0"]
[EventDate "2011.12.07"]
[EventType "team"]
[EventRounds "6"]
[EventCountry "ESP"]
[WhiteTeam "C NUESTRO AJEDREZ EN EUROPA - VILLAFRANC"]
[BlackTeam "C.DEPORTIVO VALLECAS"]

1. d4 d6 2. c4 Nf6 3. Nc3 g6 4. e4 Bg7 5. Be2 O-O 6. Bg5 Na6 7. f4 c6 8. Nf3
Nc7 9. Bh4 b5 10. e5 Ng4 11. Qd2 Ba6 12. exd6 Qxd6 13. Ne4 Qd8 14. Ne5 Nxe5 15.
dxe5 Qxd2+ 16. Nxd2 f6 17. exf6 exf6 18. Rc1 Rfe8 19. Kf2 Ne6 20. Bg3 f5 21. b3
Bd4+ 22. Kf1 Be3 23. Rd1 Nxf4 24. Bxf4 Bxf4 25. Nf3 Re3 26. Nd4 Rae8 27. cxb5
c5 28. Bc4+ Kh8 29. Ne2 Bb7 30. Nxf4 Rc3 31. Ne2 Rc2 32. Kf2 f4 33. Rd7 Bc8 34.
Rxa7 Bg4 35. Re1 g5 36. b6 Bxe2 37. Rxe2 Rcxe2+ 38. Bxe2 Rb8 39. b7 Kg7 40. Ba6
1-0